ბათუმის შოთა რუსთაველის სახელმწიფო უნივერსიტეტის ბიბლიოთეკა

თანამედროვე პოზიტივიზმის ბუნებისმეცნიერების ფილოსოფია : (ბიბ.ჩანაწერი № 37908)

000 -ლიდერი
ფიქსირებული სიგრძის საკონტროლო ველი 01080nam a2200229Ia 4500
001 - საკონტროლო ნომერი
საკონტროლო ველი 3886
003 - საკონტროლო ნომრის იდენტიფიკატორი
საკონტროლო ველი GE_BSU
005 - ბოლო ოპერაციის თარიღი და დრო
საკონტროლო ველი 20190821150450.0
008 - ფიქსირებული სიგრძის მონაცემთა ელემენტები - ზოგადი ინფორმაცია
ფიქსირებული სიგრძის საკონტროლო ველი 181216s1964||||ge |||||||||||||| ||geo||
040 ## - კატალოგიზაციის წყარო
Transcribing agency GE_BSU
041 ## - ენის კოდი
Language code of text/sound track or separate title geo
080 ## - უნივერსალური ათობითი კლასიფიკაციის ინდექსი
Universal Decimal Classification number 165.731 ა–30
100 ## - მთავარი ჩანაწერი - პიროვნების სახელი
Personal name ავალიანი, სერგი
9 (RLIN) 356
245 ## - ცნობა სათაურის შესახებ
Title თანამედროვე პოზიტივიზმის ბუნებისმეცნიერების ფილოსოფია :
Remainder of title კრიტიკ. ანალიზი /
Statement of responsibility, etc საქ. სსრ მეცნ. აკად. ფილოსოფიის ინ–ტი.
264 ## - წარმოების, გამოცემის, დისტრიბუციის და სხვა ცნობები
გამოცემის, წარმოების, დისტრიბუციის... ადგილი თბ. :
გამოცემის, წარმოების, დისტრიბუციის... სახელწოდება მეცნიერება,
გამოცემის, წარმოების, დისტრიბუციის... თარიღი 1964.
300 ## - ფიზიკური აღწერა
Extent 454 გვ.
Other physical details 22 სმ.
653 ## - INDEX TERM--UNCONTROLLED
Uncontrolled term პოზიტივიზმი
653 ## - INDEX TERM--UNCONTROLLED
Uncontrolled term ბუნებისმეცნიერების ფილოსოფია
653 ## - INDEX TERM--UNCONTROLLED
Uncontrolled term ბუნების ფილოსოფია
710 ## - ADDED ENTRY--CORPORATE NAME
Corporate name or jurisdiction name as entry element საქ. სსრ მეცნ. აკად., ფილოს. ინ-ტი.
9 (RLIN) 3594
942 ## - ADDED ENTRY ELEMENTS (KOHA)
Koha item type წიგნი
Source of classification or shelving scheme
ეგზემპლარები
ჩამოწერის სტატუსი დაკარგული ეგზემპლარის სტატუსი კლასიფიკაციის წყარო ან თაროზე გაწყობის სქემა დაზიანების სტატუსი არ გაიცემა მუდმივი მდებარეობა (დაცვის ადგილი) ამჟამინდელი ადგილსამყოფელი თაროზე განთავსების ადგილი შეძენის თარიღი ღირებულება, შესყიდვის ნორმალური ფასი სრული შენახვის შიფრი შტრიხკოდი ბოლო ოპერაციის თარიღი ეგზემპლარის მიმდევრობითი ნომერი (კეტერი?) ფასის ძალაში შესვლის თარიღი ეგზემპლარის სახეობა საჯარო შენიშვნა
          ბათუმის შოთა რუსთაველის სახელმწიფო უნივერსიტეტის მთავარი ბიბლიოთეკა ბათუმის შოთა რუსთაველის სახელმწიფო უნივერსიტეტის მთავარი ბიბლიოთეკა წიგნსაცავი 2018-12-17 4.00 165.731 ა–30 5482 2018-12-17 5482 2018-12-17 წიგნი 4 ლ.